000 01315nam a2200361 a 4500
001 1394632
003 CO-ViMGA
005 20230915233615.0
008 140905s2014 ck a jr 00010 spa d
020 _a9789583041662
040 _aCO-ViMGA
_bspa
_cCO-ViMGA
041 1 _hger
043 _ae-gx---
082 0 4 _a833.91
_bR64s
_222
100 1 _aRogler, Ulrike.
_91280
245 1 3 _aLa sombra del cazador de fantasmas /
_cUlrike Rogler y Simone Veenstra ; ilustrador Sebastian Meyer ; traductor Karin Odermatt.
250 _aEditora Mn̤ica Laverde Henao.
260 _aBogota :̀
_bPanamericana Editorial,
_c2014.
300 _a137 páginas :
_bilustraciones ;
_c21 cm.
490 1 _aColección juvenil
490 1 _aHiu Buh. El fantasma del castillo ;
_v4
500 _aEsta obra esta b̀asada en el audiolibro de Dirk Ahner.
534 _pTítulo original :
_tDer schatten des gespensterjg̃ers.
650 1 4 _aFantasmas
_v Novela juvenil.
_91292
650 1 4 _aMiedo
_v Novela juvenil.
_91294
650 1 4 _aNovela de terror.
_91293
650 1 4 _aNovela juvenil alemana.
_91291
700 1 _aLaverde, Mon̤ica,
_eeditora.
_91296
700 1 _aMeyer, Sebastiǹ,
_eilustrador.
_91295
700 1 _aOdermatt, Karin,
_etraductor.
_91286
700 1 _aVeenstra, Simone.
_91289
942 _2ddc
_cBK
999 _c37403
_d37403